000 00462nam a22001817a 4500
003 NUST - PNEC
005 20170116180924.0
008 150905b xxu||||| |||| 00| 0 eng d
020 _a0205059406
040 _cLIBARAY
082 _a620.3 TSE
100 _97956
_aTse, Francis S.
245 _aMechanical vibrations : theory and applications
_cFrancis S. Tse
250 _a2nd ed.
260 _cc.1978
650 _97959
_aVibrations
_xME
942 _2ddc
_cBK
999 _c65729
_d65729